flagi ameryki południowej! - Statystyki

Ogólne statystyki
  • Ten quiz został rozwiązany 81 razy
  • Średni wynik to 11 z 12
Statystyki odpowiedzi
Obrazkowy Odpowiedź % Poprawnych
argentyna
99%
brazylia
99%
urugwaj
99%
chile
96%
kolumbia
96%
peru
96%
wenezuela
96%
ekwador
94%
paragwaj
93%
boliwia
89%
gujana
82%
surinam
79%
Nie znaleziono quizów pasujących do podanych kryteriów
Rozkład punktacji
Procent ludzi z każdym wynikiem
Percentyl według liczby udzielonych odpowiedzi
Twoja historia wyników
Nie rozwiązałeś tego quizu